| 000 | 00440nam a22001577a 4500 | ||
|---|---|---|---|
| 008 | 150702b xxu||||| |||| 00| 0 eng d | ||
| 020 | _a0421302100 | ||
| 050 | _aKD7239.W54 | ||
| 100 | _aWilliams,Emlyn | ||
| 245 |
_aABC guide to the practice of the country court. / _cEmlyn Williams |
||
| 250 | _a2nd. | ||
| 260 |
_aAustralia. _bSweet and maxwell; _c1982. |
||
| 300 |
_aviii,220p.: _c18cm. |
||
| 500 | _aIncludes index. | ||
| 942 |
_2lcc _cBK |
||
| 999 |
_c5597 _d13097 |
||